[Event "Titled Tuesday 2021.11.30"]
[Site "Chess.com INT"]
[Date "2021.11.30"]
[Round "8"]
[White "Golubka, Petro"]
[Black "Aldokhin, Ivan"]
[Result "1-0"]
[WhiteElo "2408"]
[BlackElo "2413"]
[WhiteFideId "-1"]
[BlackFideId "-1"]
[PlyCount "101"]
[GameId "1722819186102272"]
[EventDate "2021.11.30"]
[EventType "swiss (blitz)"]
[EventRounds "11"]
[EventCountry "NET"]
[SourceTitle "CBM 205 Extra"]
[Source "ChessBase"]
[SourceDate "2022.01.31"]
[SourceVersion "1"]
[SourceVersionDate "2022.01.31"]
[SourceQuality "1"]

1. e4 c5 2. Nf3 e6 3. d4 cxd4 4. Nxd4 a6 5. Bd3 Qc7 6. Nb3 Nf6 7. c4 d6 8. Nc3 Be7 9. g4 h6 10. h4 Nc6 11. f4 b6 12. Be3 Bb7 13. Qe2 Nb4 14. Bb1 d5 15. cxd5 exd5 16. a3 Nc6 17. e5 d4 18. exf6 gxf6 19. Nd5 Qd6 20. Nxe7 Nxe7 21. Nxd4 Bxh1 22. Bd3 O-O 23. O-O-O Qd5 24. Kb1 Be4 25. f5 Rad8 26. Bf2 Bxd3+ 27. Rxd3 Rfe8 28. Qd2 Nc6 29. g5 Qe4 30. Ka2 Qd5+ 31. b3 Nxd4 32. Rxd4 Qa8 33. g6 Rxd4 34. gxf7+ Kxf7 35. Bxd4 Qf3 36. Bb2 Re2 37. Qd7+ Kf8 38. Qd8+ Kf7 39. Qxf6+ Ke8 40. Qh8+ Kd7 41. Qg7+ Kc8 42. Qxh6 Qxf5 43. Qc6+ Kd8 44. Qxb6+ Ke8 45. Qxa6 Qc2 46. Qf6 Rf2 47. Qe5+ Kd7 48. h5 Rf3 49. Qd4+ Kc8 50. Qg4+ Qf5 51. Qc4+ 1-0

[Event "Titled Tuesday 2021.11.23"]
[Site "Chess.com INT"]
[Date "2021.11.23"]
[Round "1"]
[White "Golubka, Petro"]
[Black "Heinemann, Josefine"]
[Result "0-1"]
[WhiteElo "2408"]
[BlackElo "2336"]
[WhiteFideId "-1"]
[BlackFideId "-1"]
[PlyCount "164"]
[GameId "1720254218428416"]
[EventDate "2021.11.23"]
[EventType "swiss (blitz)"]
[EventRounds "11"]
[EventCountry "NET"]
[SourceTitle "CBM 205 Extra"]
[Source "ChessBase"]
[SourceDate "2022.01.31"]
[SourceVersion "1"]
[SourceVersionDate "2022.01.31"]
[SourceQuality "1"]

1. d4 Nf6 2. Bg5 d5 3. Nd2 Nbd7 4. e3 h6 5. Bh4 e6 6. c4 dxc4 7. Bxc4 c5 8. Ne2 Be7 9. O-O O-O 10. Rc1 b6 11. a3 Bb7 12. Re1 Rc8 13. Ba2 g5 14. Bg3 Nh5 15. Qa4 Nxg3 16. hxg3 a6 17. Bb1 b5 18. Qd1 Nf6 19. Nf3 Qd5 20. Nc3 Qc6 21. dxc5 Rfd8 22. Qc2 Qxc5 23. Nd4 Qb6 24. Red1 Be4 25. Qe2 Bxb1 26. Nxb1 Nd5 27. Rxc8 Rxc8 28. Nd2 Bf6 29. N2b3 Rc4 30. Nd2 Rc7 31. Ne4 Bg7 32. g4 Rc4 33. Nd2 Rc7 34. N2f3 Qc5 35. g3 Nf6 36. Kg2 Nxg4 37. Qd3 Ne5 38. Nxe5 Qxe5 39. f4 gxf4 40. gxf4 Qd5+ 41. Kf2 Bxd4 42. exd4 Kf8 43. Rg1 Qh5 44. Rg2 Qh4+ 45. Kf3 Rc1 46. d5 Qh3+ 47. Rg3 Qf1+ 48. Qxf1 Rxf1+ 49. Ke2 Rxf4 50. dxe6 Re4+ 51. Kf2 Rxe6 52. Rg4 Ke7 53. Rg8 Rg6 54. Rh8 Kf6 55. Ra8 Kg5 56. Rf8 Rf6+ 57. Kg3 h5 58. Rg8+ Rg6 59. Rf8 f5 60. b4 h4+ 61. Kh3 Rh6 62. Rg8+ Kf4 63. Rc8 Ke4 64. Re8+ Kf3 65. Rc8 f4 66. a4 bxa4 67. Rc3+ Ke4 68. Rc4+ Ke3 69. Rc3+ Kd4 70. Rf3 Ke4 71. Ra3 f3 72. Rxa4 Rf6 73. b5+ Kd5 74. bxa6 f2 75. a7 f1=Q+ 76. Kxh4 Qh1+ 77. Kg5 Qh6+ 78. Kg4 Qg7+ 79. Kh3 Rh6+ 80. Rh4 Rxh4+ 81. Kxh4 Qxa7 82. Kg5 Ke5 0-1

[Event "Titled Tuesday 2021.11.23"]
[Site "Chess.com INT"]
[Date "2021.11.23"]
[Round "2"]
[White "Karavaeva, Olga"]
[Black "Golubka, Petro"]
[Result "0-1"]
[WhiteElo "2260"]
[BlackElo "2408"]
[WhiteFideId "-1"]
[BlackFideId "-1"]
[PlyCount "38"]
[GameId "1720254218674176"]
[EventDate "2021.11.23"]
[EventType "swiss (blitz)"]
[EventRounds "11"]
[EventCountry "NET"]
[SourceTitle "CBM 205 Extra"]
[Source "ChessBase"]
[SourceDate "2022.01.31"]
[SourceVersion "1"]
[SourceVersionDate "2022.01.31"]
[SourceQuality "1"]

1. c4 e5 2. Nc3 Nf6 3. b3 c6 4. d4 Bb4 5. Bb2 Qa5 6. Qd3 Ne4 7. Rc1 Qxa2 8. Qxe4 Qxb2 9. Qxe5+ Kd8 10. Qe3 Qxb3 11. c5 a5 12. Kd2 f6 13. Nf3 a4 14. g3 a3 15. Bg2 a2 16. Qd3 Qb2+ 17. Rc2 a1=Q 18. Rxa1 Qxa1 19. Ng5 fxg5 0-1

[Event "Titled Tuesday 2021.11.23"]
[Site "Chess.com INT"]
[Date "2021.11.23"]
[Round "3"]
[White "Golubka, Petro"]
[Black "Spitzl, Vinzent"]
[Result "1-0"]
[WhiteElo "2408"]
[BlackElo "2319"]
[WhiteFideId "-1"]
[BlackFideId "-1"]
[PlyCount "97"]
[GameId "1720254220058624"]
[EventDate "2021.11.23"]
[EventType "swiss (blitz)"]
[EventRounds "11"]
[EventCountry "NET"]
[SourceTitle "CBM 205 Extra"]
[Source "ChessBase"]
[SourceDate "2022.01.31"]
[SourceVersion "1"]
[SourceVersionDate "2022.01.31"]
[SourceQuality "1"]

1. e4 e5 2. Nf3 Nc6 3. Bb5 Nge7 4. d3 a6 5. Ba4 g6 6. c3 Bg7 7. h4 d6 8. h5 Bg4 9. h6 Bf6 10. Nbd2 b5 11. Bb3 Qd7 12. Nf1 O-O 13. Ne3 Be6 14. Qe2 d5 15. exd5 Nxd5 16. Nxd5 Bxd5 17. Bxd5 Qxd5 18. Qe4 Rad8 19. O-O Qxe4 20. dxe4 Be7 21. Re1 f6 22. b4 Kf7 23. a4 Ra8 24. Re2 Bd6 25. Rea2 Rab8 26. axb5 axb5 27. Ra6 Nd8 28. g3 Ne6 29. Kg2 g5 30. Nh2 Kg6 31. Ng4 Rb6 32. Rxb6 cxb6 33. Ra6 Rb8 34. Ra7 Nc7 35. Be3 f5 36. exf5+ Kxf5 37. f3 e4 38. Nf2 exf3+ 39. Kxf3 Nd5 40. Bd4 Rc8 41. Rxh7 Nxc3 42. Rd7 Bxb4 43. h7 Ke6 44. Rb7 Nd5 45. h8=Q Rxh8 46. Bxh8 Bc5 47. Ne4 Be7 48. Bd4 b4 49. Bxb6 1-0

[Event "Titled Tuesday 2021.11.23"]
[Site "Chess.com INT"]
[Date "2021.11.23"]
[Round "4"]
[White "Tasev, Dejan"]
[Black "Golubka, Petro"]
[Result "0-1"]
[WhiteElo "2272"]
[BlackElo "2408"]
[WhiteFideId "-1"]
[BlackFideId "-1"]
[PlyCount "44"]
[GameId "1720254220595200"]
[EventDate "2021.11.23"]
[EventType "swiss (blitz)"]
[EventRounds "11"]
[EventCountry "NET"]
[SourceTitle "CBM 205 Extra"]
[Source "ChessBase"]
[SourceDate "2022.01.31"]
[SourceVersion "1"]
[SourceVersionDate "2022.01.31"]
[SourceQuality "1"]

1. e4 c5 2. Nf3 d6 3. Nc3 a6 4. d4 cxd4 5. Nxd4 e6 6. Bc4 b5 7. Bb3 Nf6 8. f3 Be7 9. Be3 Bb7 10. Qd2 Nc6 11. g4 Nxd4 12. Qxd4 O-O 13. O-O-O Nd7 14. h4 Ne5 15. Rdf1 Rc8 16. g5 Nc4 17. f4 d5 18. Bxc4 Rxc4 19. Qd3 d4 20. f5 dxc3 21. Qxd8 cxb2+ 22. Kxb2 Rxd8 0-1

[Event "Titled Tuesday 2021.11.23"]
[Site "Chess.com INT"]
[Date "2021.11.23"]
[Round "5"]
[White "Golubka, Petro"]
[Black "Demchenko, Anton"]
[Result "1-0"]
[WhiteElo "2408"]
[BlackElo "2655"]
[WhiteFideId "-1"]
[BlackFideId "-1"]
[PlyCount "85"]
[GameId "1720254221975552"]
[EventDate "2021.11.23"]
[EventType "swiss (blitz)"]
[EventRounds "11"]
[EventCountry "NET"]
[SourceTitle "CBM 205 Extra"]
[Source "ChessBase"]
[SourceDate "2022.01.31"]
[SourceVersion "1"]
[SourceVersionDate "2022.01.31"]
[SourceQuality "1"]

1. e4 e5 2. Nf3 Nc6 3. Bb5 a6 4. Ba4 d6 5. c3 Bd7 6. d3 g6 7. h4 h6 8. Nbd2 Bg7 9. Nf1 Nge7 10. Bd2 d5 11. Ne3 Be6 12. Qe2 b5 13. Bb3 d4 14. cxd4 exd4 15. Nd5 O-O 16. Nf4 Bxb3 17. axb3 Qd7 18. O-O Ne5 19. Rfc1 Qd6 20. b4 Rfc8 21. g3 Nd7 22. Kg2 a5 23. Rxa5 Rxa5 24. bxa5 c5 25. b4 cxb4 26. Rxc8+ Nxc8 27. Qe1 b3 28. Bb4 Qc6 29. Nd5 Qc2 30. Nd2 Qxd3 31. Qc1 Qc2 32. Qb1 d3 33. Qxb3 Na7 34. a6 Nc6 35. Bc3 Bxc3 36. Qxc3 b4 37. Nf6+ Nxf6 38. Qxf6 Qxd2 39. Qxc6 Qc3 40. Qe8+ Kg7 41. a7 d2 42. a8=Q d1=Q 43. Qh8# 1-0

[Event "Titled Tuesday 2021.11.23"]
[Site "Chess.com INT"]
[Date "2021.11.23"]
[Round "6"]
[White "Amar, Elham"]
[Black "Golubka, Petro"]
[Result "0-1"]
[WhiteElo "2338"]
[BlackElo "2408"]
[WhiteFideId "-1"]
[BlackFideId "-1"]
[PlyCount "88"]
[GameId "1720254223163392"]
[EventDate "2021.11.23"]
[EventType "swiss (blitz)"]
[EventRounds "11"]
[EventCountry "NET"]
[SourceTitle "CBM 205 Extra"]
[Source "ChessBase"]
[SourceDate "2022.01.31"]
[SourceVersion "1"]
[SourceVersionDate "2022.01.31"]
[SourceQuality "1"]

1. e4 c5 2. Ne2 e6 3. g3 d6 4. Bg2 Nc6 5. O-O Be7 6. c3 Nf6 7. d4 cxd4 8. cxd4 O-O 9. Nbc3 d5 10. e5 Nd7 11. Be3 Nb6 12. b3 Bd7 13. f4 f5 14. exf6 Bxf6 15. Qd2 Ne7 16. Rae1 Nbc8 17. Nc1 Nd6 18. Bf2 Rc8 19. Nd3 b6 20. Ne5 g6 21. Nxd7 Qxd7 22. Re2 Rfe8 23. Rfe1 Nef5 24. Rxe6 Rxe6 25. Rxe6 Kg7 26. Re1 Nb5 27. Nxd5 Nbxd4 28. Qd3 Nc2 29. Rd1 Bd4 30. Bxd4+ Nfxd4 31. Ne3 Nxe3 32. Qxe3 Rd8 33. Qe5+ Kh6 34. Qg5+ Kg7 35. Qe5+ Kh6 36. Kh1 Qd6 37. Qg5+ Kg7 38. Re1 Rd7 39. h4 Nf5 40. Be4 h6 41. Qg4 Re7 42. Re2 Qd1+ 43. Kh2 Rxe4 44. Rxe4 Qxg4 0-1

[Event "Titled Tuesday 2021.11.23"]
[Site "Chess.com INT"]
[Date "2021.11.23"]
[Round "7"]
[White "Willow, Jonah B"]
[Black "Golubka, Petro"]
[Result "1-0"]
[WhiteElo "2350"]
[BlackElo "2408"]
[WhiteFideId "-1"]
[BlackFideId "-1"]
[PlyCount "77"]
[GameId "1720254223560704"]
[EventDate "2021.11.23"]
[EventType "swiss (blitz)"]
[EventRounds "11"]
[EventCountry "NET"]
[SourceTitle "CBM 205 Extra"]
[Source "ChessBase"]
[SourceDate "2022.01.31"]
[SourceVersion "1"]
[SourceVersionDate "2022.01.31"]
[SourceQuality "1"]

1. e4 c5 2. Nf3 d6 3. Nc3 a6 4. g3 e6 5. Bg2 Be7 6. O-O g5 7. h3 h5 8. d4 g4 9. hxg4 hxg4 10. Nh2 cxd4 11. Qxd4 Bf6 12. Qd1 Nc6 13. Nxg4 Be7 14. Be3 Nf6 15. Nxf6+ Bxf6 16. Qd2 b5 17. e5 Nxe5 18. Bxa8 Bd7 19. Bg2 d5 20. Bd4 Nc4 21. Bxf6 Qxf6 22. Qf4 Qg7 23. Bxd5 exd5 24. Qb8+ Ke7 25. Nxd5+ Ke6 26. Rfe1+ Kxd5 27. Qb7+ Bc6 28. Rad1+ Kc5 29. b4+ Kxb4 30. Qxc6 Ka5 31. a4 Qh7 32. axb5 Qh2+ 33. Kf1 axb5 34. Ra1+ Kb4 35. Rab1+ Kc3 36. Qf6+ Kxc2 37. Rbc1+ Kb3 38. Qc3+ Ka4 39. Ra1+ 1-0

[Event "Titled Tuesday 2021.11.23"]
[Site "Chess.com INT"]
[Date "2021.11.23"]
[Round "8"]
[White "Golubka, Petro"]
[Black "Moskalenko, Alexander"]
[Result "1/2-1/2"]
[WhiteElo "2408"]
[BlackElo "2514"]
[WhiteFideId "-1"]
[BlackFideId "-1"]
[PlyCount "137"]
[GameId "1720254224879616"]
[EventDate "2021.11.23"]
[EventType "swiss (blitz)"]
[EventRounds "11"]
[EventCountry "NET"]
[SourceTitle "CBM 205 Extra"]
[Source "ChessBase"]
[SourceDate "2022.01.31"]
[SourceVersion "1"]
[SourceVersionDate "2022.01.31"]
[SourceQuality "1"]

1. e4 c6 2. d4 d5 3. e5 c5 4. Nf3 Nc6 5. dxc5 Bg4 6. Bb5 e6 7. Be3 Nge7 8. c3 Nf5 9. Bd4 Nfxd4 10. cxd4 a6 11. Bxc6+ bxc6 12. Nbd2 Be7 13. Qa4 Qc7 14. h3 Bh5 15. O-O O-O 16. b4 Bg6 17. Nb3 Rfb8 18. Na5 Rb5 19. a3 Bd8 20. Qd1 Qc8 21. Nb3 a5 22. Nxa5 Bxa5 23. bxa5 Rbxa5 24. Qb3 Rb5 25. Qe3 Qb8 26. Rfc1 Rb3 27. Rc3 Rb1+ 28. Rxb1 Qxb1+ 29. Kh2 Qb2 30. Qd2 Qa1 31. Qe3 h6 32. Nh4 Be4 33. f3 Bh7 34. g4 Rb8 35. Ng2 Qa2 36. Qg1 Rb2 37. Kg3 g5 38. h4 Bg6 39. hxg5 hxg5 40. Ne3 Re2 41. Qc1 Rh2 42. Qg1 Rd2 43. Qc1 Rxd4 44. Nf1 Rf4 45. Nd2 Ra4 46. Kf2 Ra5 47. Ke3 d4+ 48. Kxd4 Qd5+ 49. Ke3 Qxe5+ 50. Kf2 Qh2+ 51. Ke3 Ra4 52. Nc4 Qf4+ 53. Kf2 Qd4+ 54. Kg3 Qf6 55. Qe3 Ra8 56. Ne5 Rd8 57. Nxc6 Rd1 58. Ne5 Qh8 59. Nxg6 fxg6 60. Qxe6+ Kh7 61. Rc2 Rg1+ 62. Kf2 Rh1 63. Kg2 Qa1 64. Qf7+ Kh6 65. Qf8+ Kh7 66. Qe7+ Kh6 67. Qf8+ Kh7 68. Qf7+ Kh6 69. Qf8+ 1/2-1/2

[Event "Titled Tuesday 2021.11.23"]
[Site "Chess.com INT"]
[Date "2021.11.23"]
[Round "9"]
[White "Golubka, Petro"]
[Black "Kamsky, Gata"]
[Result "1/2-1/2"]
[WhiteElo "2408"]
[BlackElo "2657"]
[WhiteFideId "-1"]
[BlackFideId "-1"]
[PlyCount "98"]
[GameId "1720254225182720"]
[EventDate "2021.11.23"]
[EventType "swiss (blitz)"]
[EventRounds "11"]
[EventCountry "NET"]
[SourceTitle "CBM 205 Extra"]
[Source "ChessBase"]
[SourceDate "2022.01.31"]
[SourceVersion "1"]
[SourceVersionDate "2022.01.31"]
[SourceQuality "1"]

1. e4 e5 2. Nf3 Nc6 3. Bb5 Nf6 4. O-O Nxe4 5. d4 Nd6 6. Bxc6 dxc6 7. dxe5 Nf5 8. Qxd8+ Kxd8 9. Nc3 Ke8 10. b3 h5 11. Bb2 a5 12. a4 Be7 13. Rfe1 Be6 14. Ne4 h4 15. Nfg5 Rd8 16. Nxe6 fxe6 17. Rad1 Kf7 18. g4 hxg3 19. hxg3 Kg6 20. Kg2 b5 21. Rxd8 Rxd8 22. g4 Nd4 23. Rd1 Nxc2 24. Rxd8 Bxd8 25. Nc5 Kf7 26. Nb7 Be7 27. Nxa5 Nb4 28. Bc3 Nd5 29. Bd2 bxa4 30. bxa4 Nb6 31. Nxc6 Nxa4 32. f4 g6 33. Kf3 Nb6 34. Ba5 Bc5 35. Ke4 Ke8 36. f5 gxf5+ 37. gxf5 exf5+ 38. Kxf5 Nd5 39. Ke4 Ne7 40. Nxe7 Kxe7 41. Bxc7 Ke6 42. Bb8 Bb6 43. Bd6 Ba5 44. Bb8 Bc3 45. Bd6 Bb2 46. Bb8 Ba1 47. Bd6 Bb2 48. Bb8 Ba1 49. Bd6 Bb2 1/2-1/2

[Event "Titled Tuesday 2021.11.23"]
[Site "Chess.com INT"]
[Date "2021.11.23"]
[Round "10"]
[White "Jeet, Jain"]
[Black "Golubka, Petro"]
[Result "0-1"]
[WhiteElo "2279"]
[BlackElo "2408"]
[WhiteFideId "-1"]
[BlackFideId "-1"]
[PlyCount "90"]
[GameId "1720254225899520"]
[EventDate "2021.11.23"]
[EventType "swiss (blitz)"]
[EventRounds "11"]
[EventCountry "NET"]
[SourceTitle "CBM 205 Extra"]
[Source "ChessBase"]
[SourceDate "2022.01.31"]
[SourceVersion "1"]
[SourceVersionDate "2022.01.31"]
[SourceQuality "1"]

1. e4 c5 2. Nf3 d6 3. Bb5+ Nd7 4. c3 a6 5. Ba4 Ngf6 6. Qe2 b5 7. Bc2 e5 8. O-O Be7 9. d4 Bb7 10. Re1 O-O 11. Nbd2 Re8 12. d5 h6 13. a4 c4 14. Nf1 Nc5 15. axb5 axb5 16. Rxa8 Qxa8 17. Ng3 Bc8 18. Be3 Bf8 19. h3 Qb7 20. Bxc5 dxc5 21. Ra1 Bd7 22. Nd2 g6 23. Ngf1 h5 24. Qe3 Bd6 25. Qg5 Kg7 26. Ne3 Nh7 27. Qg3 Kf8 28. Qf3 Ra8 29. Rb1 Qc8 30. Kh2 Ra6 31. g4 hxg4 32. hxg4 Be7 33. Qg3 Bg5 34. Qxe5 Rf6 35. Ng2 Rxf2 36. Qh8+ Ke7 37. Qxc8 Bxc8 38. Kg3 Rxd2 39. Bd1 Nf6 40. e5 Nxd5 41. Bf3 Be6 42. Ra1 b4 43. Ra7+ Kf8 44. cxb4 cxb4 45. Ra8+ Kg7 0-1

[Event "Titled Tuesday 2021.11.23"]
[Site "Chess.com INT"]
[Date "2021.11.23"]
[Round "11"]
[White "Nesterov, Arseniy"]
[Black "Golubka, Petro"]
[Result "1-0"]
[WhiteElo "2512"]
[BlackElo "2408"]
[WhiteFideId "-1"]
[BlackFideId "-1"]
[PlyCount "107"]
[GameId "1720254226731008"]
[EventDate "2021.11.23"]
[EventType "swiss (blitz)"]
[EventRounds "11"]
[EventCountry "NET"]
[SourceTitle "CBM 205 Extra"]
[Source "ChessBase"]
[SourceDate "2022.01.31"]
[SourceVersion "1"]
[SourceVersionDate "2022.01.31"]
[SourceQuality "1"]

1. d4 d5 2. c4 c6 3. Nf3 Nf6 4. e3 e6 5. Nc3 Nbd7 6. Bd3 Bd6 7. O-O O-O 8. Qc2 dxc4 9. Bxc4 b5 10. Bd3 Bb7 11. e4 e5 12. Be3 a6 13. Rad1 Qc7 14. h3 exd4 15. Bxd4 c5 16. Bxf6 Nxf6 17. Bxb5 axb5 18. Nxb5 Bxe4 19. Nxc7 Bxc2 20. Nxa8 Bxd1 21. Rxd1 Rxa8 22. Rxd6 Ne8 23. Rb6 Rxa2 24. Rb8 Kf8 25. Ne5 Ke7 26. Rb7+ Ke6 27. Nxf7 h6 28. f4 Ra4 29. g3 Nf6 30. Nd8+ Kd5 31. Rxg7 Rb4 32. Rf7 Ne4 33. Rd7+ Kc4 34. Nc6 Rxb2 35. Ne5+ Kc3 36. Rd3+ Kc2 37. Re3 Nd2 38. f5 c4 39. f6 Rb1+ 40. Kg2 Rf1 41. Re2 Rxf6 42. Nxc4 Kd3 43. Rxd2+ Kxc4 44. g4 Kc5 45. Kg3 Kc6 46. h4 Kc5 47. g5 hxg5 48. hxg5 Rf1 49. Kg4 Rg1+ 50. Kf5 Rf1+ 51. Kg6 Rg1 52. Kf6 Rf1+ 53. Kg7 Rg1 54. g6 1-0

[Event "Titled Tuesday 2021.11.16"]
[Site "Chess.com INT"]
[Date "2021.11.16"]
[Round "1"]
[White "Golubka, Petro"]
[Black "Skuhala, Barbara"]
[Result "1-0"]
[WhiteElo "2408"]
[BlackElo "2063"]
[WhiteFideId "-1"]
[BlackFideId "-1"]
[PlyCount "63"]
[GameId "1717707248689152"]
[EventDate "2021.11.16"]
[EventType "swiss (blitz)"]
[EventRounds "11"]
[EventCountry "NET"]
[SourceTitle "CBM 205 Extra"]
[Source "ChessBase"]
[SourceDate "2022.01.31"]
[SourceVersion "1"]
[SourceVersionDate "2022.01.31"]
[SourceQuality "1"]

1. e4 c5 2. Nf3 d6 3. d4 cxd4 4. Nxd4 Nf6 5. Nc3 a6 6. Bg5 e6 7. Qf3 Be7 8. O-O-O O-O 9. g4 Qc7 10. h4 b5 11. Bxf6 Bxf6 12. g5 Be5 13. Qe3 Bb7 14. f4 Bxd4 15. Qxd4 Rd8 16. g6 fxg6 17. h5 Nc6 18. Qe3 Ne7 19. Bh3 Bc8 20. hxg6 Nxg6 21. f5 exf5 22. Bxf5 Bxf5 23. exf5 Ne5 24. f6 g6 25. Nd5 Qf7 26. Ne7+ Kh8 27. Qg5 Rf8 28. Rxd6 Nf3 29. Nxg6+ Kg8 30. Ne7+ Kh8 31. Qg3 Qxa2 32. Qg7# 1-0

[Event "Titled Tuesday 2021.11.16"]
[Site "Chess.com INT"]
[Date "2021.11.16"]
[Round "2"]
[White "Iljushina, Olga"]
[Black "Golubka, Petro"]
[Result "0-1"]
[WhiteElo "2054"]
[BlackElo "2408"]
[WhiteFideId "-1"]
[BlackFideId "-1"]
[PlyCount "114"]
[GameId "1717707250565120"]
[EventDate "2021.11.16"]
[EventType "swiss (blitz)"]
[EventRounds "11"]
[EventCountry "NET"]
[SourceTitle "CBM 205 Extra"]
[Source "ChessBase"]
[SourceDate "2022.01.31"]
[SourceVersion "1"]
[SourceVersionDate "2022.01.31"]
[SourceQuality "1"]

1. d4 d5 2. c4 c6 3. cxd5 Qxd5 4. Nc3 Qd8 5. Nf3 Nf6 6. Bf4 Bg4 7. e3 e6 8. h3 Bh5 9. Be2 Nbd7 10. O-O Be7 11. Qb3 Qb6 12. Rfc1 O-O 13. Qc2 Rfc8 14. Na4 Qd8 15. Nc5 Qb6 16. Bg5 Bg6 17. Bd3 Bxd3 18. Nxd3 a5 19. Nde5 Nf8 20. Ng4 Qd8 21. Bxf6 Bxf6 22. Nxf6+ Qxf6 23. Ne5 Qe7 24. Qc5 Qc7 25. a4 h6 26. Rc3 Ra6 27. Rac1 Qd8 28. Ng4 Nd7 29. Qh5 f5 30. Nxh6+ gxh6 31. Qg6+ Kf8 32. Qxh6+ Ke7 33. Qg5+ Nf6 34. Qg7+ Kd6 35. Qxb7 Rb6 36. Qf7 Nd5 37. Rc5 Rxb2 38. Rxa5 Qxa5 39. e4 fxe4 40. Qg7 Qd8 41. Qe5+ Kd7 42. h4 Qxh4 43. g3 Qe7 44. Qxe4 Rc7 45. a5 Ra2 46. Qe1 c5 47. dxc5 Rxc5 48. Rd1 Rcxa5 49. Rb1 Ra7 50. Qe4 Ra1 51. Kg2 Rxb1 52. Qxb1 Kc6 53. Qc2+ Qc5 54. Qg6 Re7 55. Qg5 Kd6 56. g4 Ne3+ 57. fxe3 Qxg5 0-1

[Event "Titled Tuesday 2021.11.16"]
[Site "Chess.com INT"]
[Date "2021.11.16"]
[Round "4"]
[White "Golubka, Petro"]
[Black "Chan, Kim Yew"]
[Result "1-0"]
[WhiteElo "2408"]
[BlackElo "2317"]
[WhiteFideId "-1"]
[BlackFideId "-1"]
[PlyCount "77"]
[GameId "1717707252178944"]
[EventDate "2021.11.16"]
[EventType "swiss (blitz)"]
[EventRounds "11"]
[EventCountry "NET"]
[SourceTitle "CBM 205 Extra"]
[Source "ChessBase"]
[SourceDate "2022.01.31"]
[SourceVersion "1"]
[SourceVersionDate "2022.01.31"]
[SourceQuality "1"]

1. e4 c5 2. Nf3 e6 3. d4 cxd4 4. Nxd4 Nc6 5. Nc3 Qc7 6. Ndb5 Qb8 7. f4 a6 8. Nd4 b5 9. Be3 Bb7 10. a3 Nf6 11. Be2 Be7 12. O-O O-O 13. Bf3 d6 14. Qd2 Qc7 15. Nb3 Rac8 16. Rfd1 Rfd8 17. Qf2 Nd7 18. f5 Nce5 19. Be2 Nc4 20. Bxc4 Qxc4 21. Na5 Qc7 22. Nxb7 Qxb7 23. fxe6 fxe6 24. Qg3 Ne5 25. Qh3 Qd7 26. Bd4 Nc6 27. Bb6 Rf8 28. Nd5 Bf6 29. c3 Be5 30. Be3 Qf7 31. Nb6 Rcd8 32. a4 b4 33. cxb4 Nxb4 34. Nc4 Bf4 35. Bxf4 Qxf4 36. Qxe6+ Kh8 37. Nxd6 Nd3 38. Nf5 Qf2+ 39. Kh1 1-0

[Event "Titled Tuesday 2021.11.09"]
[Site "Chess.com INT"]
[Date "2021.11.09"]
[Round "1"]
[White "Golubka, Petro"]
[Black "Valle Maytin, Luis Enrique"]
[Result "1-0"]
[WhiteElo "2408"]
[BlackElo "2284"]
[WhiteFideId "-1"]
[BlackFideId "-1"]
[PlyCount "101"]
[GameId "1715161304989696"]
[EventDate "2021.11.09"]
[EventType "swiss (blitz)"]
[EventRounds "11"]
[EventCountry "NET"]
[SourceTitle "CBM 205 Extra"]
[Source "ChessBase"]
[SourceDate "2022.01.31"]
[SourceVersion "1"]
[SourceVersionDate "2022.01.31"]
[SourceQuality "1"]

1. d4 Nf6 2. Bg5 Ne4 3. h4 c5 4. dxc5 Qa5+ 5. c3 Qxc5 6. Be3 Qc7 7. Nd2 Nf6 8. Ngf3 e5 9. g3 d5 10. Nb3 Nc6 11. Bg2 h6 12. O-O Be6 13. Bc5 Be7 14. Bxe7 Qxe7 15. Qc2 O-O 16. Rad1 Rfd8 17. e3 Bg4 18. Rd2 Qe6 19. Nc5 Qe7 20. b4 b6 21. Nb3 Rac8 22. Qb2 Bxf3 23. Bxf3 e4 24. Bg2 Ne5 25. Rc2 Nd3 26. Qb1 Rc4 27. Nd2 Rc7 28. a3 b5 29. Nb3 Rdc8 30. Nd4 a6 31. Qa1 Rc4 32. Bh3 R8c7 33. Rb1 Qe5 34. a4 Rb7 35. axb5 axb5 36. Qa6 Qb8 37. Ra1 Rb6 38. Qa8 Rc7 39. Bf1 Nd7 40. Ra5 Qxa8 41. Rxa8+ Kh7 42. Ra5 Rcb7 43. f4 Rb8 44. Ra7 Nf6 45. Be2 R8b7 46. Rca2 g6 47. Kf1 Rxa7 48. Rxa7 Kg8 49. Ra8+ Kg7 50. Ra5 Rc6 51. Nxc6 1-0

[Event "Titled Tuesday 2021.11.09"]
[Site "Chess.com INT"]
[Date "2021.11.09"]
[Round "2"]
[White "Bilan, Danila"]
[Black "Golubka, Petro"]
[Result "1/2-1/2"]
[WhiteElo "2303"]
[BlackElo "2408"]
[WhiteFideId "-1"]
[BlackFideId "-1"]
[PlyCount "36"]
[GameId "1715161305346048"]
[EventDate "2021.11.09"]
[EventType "swiss (blitz)"]
[EventRounds "11"]
[EventCountry "NET"]
[SourceTitle "CBM 205 Extra"]
[Source "ChessBase"]
[SourceDate "2022.01.31"]
[SourceVersion "1"]
[SourceVersionDate "2022.01.31"]
[SourceQuality "1"]

1. d4 d5 2. Nf3 Nc6 3. c4 e6 4. Nc3 Nf6 5. Bg5 Bb4 6. e3 h6 7. Bxf6 Qxf6 8. Qc2 dxc4 9. Bxc4 a6 10. O-O O-O 11. a3 Bd6 12. Ne4 Qe7 13. Nxd6 cxd6 14. Rac1 Bd7 15. Ba2 Rac8 16. Qd2 Rfd8 17. h3 Be8 18. Rfd1 Na7 1/2-1/2

[Event "Titled Tuesday 2021.11.09"]
[Site "Chess.com INT"]
[Date "2021.11.09"]
[Round "3"]
[White "Golubka, Petro"]
[Black "Vlassov, Nikolai"]
[Result "1-0"]
[WhiteElo "2408"]
[BlackElo "2294"]
[WhiteFideId "-1"]
[BlackFideId "-1"]
[PlyCount "93"]
[GameId "1715161306918912"]
[EventDate "2021.11.09"]
[EventType "swiss (blitz)"]
[EventRounds "11"]
[EventCountry "NET"]
[SourceTitle "CBM 205 Extra"]
[Source "ChessBase"]
[SourceDate "2022.01.31"]
[SourceVersion "1"]
[SourceVersionDate "2022.01.31"]
[SourceQuality "1"]

1. d4 Nf6 2. Bg5 e6 3. c3 h6 4. Bh4 c5 5. d5 exd5 6. Bxf6 Qxf6 7. Qxd5 Nc6 8. Nf3 d6 9. Qb3 g5 10. e3 Bg7 11. Na3 O-O 12. Be2 Bg4 13. h3 Bh5 14. Rd1 Ne5 15. Nxe5 Bxe2 16. Nd7 Qf5 17. Kxe2 Qxd7 18. Qd5 Rad8 19. h4 Qg4+ 20. Qf3 Qxf3+ 21. gxf3 d5 22. hxg5 hxg5 23. Rh5 f6 24. f4 gxf4 25. Rhxd5 Rxd5 26. Rxd5 fxe3 27. fxe3 b6 28. Nb5 Rf7 29. Rd8+ Kh7 30. Ra8 a5 31. Rb8 Re7 32. Nd6 Kg6 33. Rxb6 Bh6 34. Nc4 Kg5 35. Nxa5 f5 36. Kf3 Ra7 37. Rb5 Bf8 38. a4 Kf6 39. b3 Rh7 40. Rb6+ Kg5 41. Nc4 Rh3+ 42. Kg2 Rh4 43. a5 f4 44. exf4+ Rxf4 45. a6 Rg4+ 46. Kf3 Rf4+ 47. Ke2 1-0